Rick & Morty's Goodbye Moonmen - Jermaine Clement (All Lyrics) - Statistics

General Stats
  • This quiz has been taken 10 times
  • The average score is 58 of 90
Answer Stats
Lyric % Correct
Goodbye
100%
goodbye
100%
Goodbye
100%
Goodbye
100%
goodbye
100%
Goodbye
100%
goodbye
100%
Goodbye
100%
Goodbye
100%
goodbye
100%
Moonmen
100%
Moonmen
100%
Moonmen
100%
Moonmen
100%
Moonmen
100%
Moonmen
100%
Moonmen
100%
Moonmen
100%
Moonmen
100%
in
86%
in
86%
one
86%
one
86%
space
86%
The
86%
The
86%
the
86%
the
86%
the
86%
a
71%
be
71%
be
71%
can
71%
can
71%
Cosmos
71%
Cosmos
71%
Diamond
71%
eyes
71%
hatred
71%
hatred
71%
like
71%
say
71%
say
71%
say
71%
Stars
71%
stars
71%
together
71%
we
71%
We
71%
we
71%
We
71%
With
71%
without
71%
without
71%
your
71%
diamonds
57%
is
57%
sky
57%
they
57%
things
57%
want
57%
worlds
57%
And
43%
And
43%
But
43%
ground
43%
Oh
43%
Oh
43%
peaceful
43%
their
43%
towards
43%
way
43%
All
29%
beauty
29%
feet
29%
make
29%
marching
29%
of
29%
see
29%
shine
29%
sun
29%
sure
29%
through
29%
endless
14%
everything
14%
light
14%
nights
14%
Quasars
14%
cosmic
0%
now
0%
No matching quizzes found
Score Distribution
Percent of People with Each Score
Percentile by Number Answered
Your Score History
You have not taken this quiz